Một vài đặc điểm dịch tễ của bệnh dịch tả heo trên địa bàn tỉnh Bạc Liêu : (Chuyên ngành thú y)
Nội dung đề tài điều tra tình hình chăn nuôi heo, công tác thú y và bệnh dịch tả heo, xác định mang trùng ở heo nái, heo nọc và tỷ lệ nhiễm của heo ở lò mổ bằng kỹ thuật ELISA.
Αποθηκεύτηκε σε:
| Κύριος συγγραφέας: | |
|---|---|
| Μορφή: | Βιβλίο |
| Γλώσσα: | Undetermined |
| Έκδοση: |
Cần Thơ
Trường Đại Học Cần Thơ
2007
|
| Θέματα: | |
| Ετικέτες: |
Προσθήκη ετικέτας
Δεν υπάρχουν, Καταχωρήστε ετικέτα πρώτοι!
|
| Thư viện lưu trữ: | Trung tâm Học liệu Trường Đại học Cần Thơ |
|---|
| LEADER | 01044nam a2200229Ia 4500 | ||
|---|---|---|---|
| 001 | CTU_135599 | ||
| 008 | 210402s9999 xx 000 0 und d | ||
| 082 | |a 636.4089 | ||
| 082 | |b Đ116 | ||
| 088 | |a 60640101 | ||
| 100 | |a Lê, Văn Đẳng | ||
| 245 | 0 | |a Một vài đặc điểm dịch tễ của bệnh dịch tả heo trên địa bàn tỉnh Bạc Liêu : | |
| 245 | 0 | |b (Chuyên ngành thú y) | |
| 245 | 0 | |c Lê Văn Đẳng ; Nguyễn Văn Khanh giáo viên hướng dẫn | |
| 260 | |a Cần Thơ | ||
| 260 | |b Trường Đại Học Cần Thơ | ||
| 260 | |c 2007 | ||
| 520 | |a Nội dung đề tài điều tra tình hình chăn nuôi heo, công tác thú y và bệnh dịch tả heo, xác định mang trùng ở heo nái, heo nọc và tỷ lệ nhiễm của heo ở lò mổ bằng kỹ thuật ELISA. | ||
| 650 | |a Swine,Heo | ||
| 650 | |x Disease,Bệnh | ||
| 904 | |i Tuyến | ||
| 980 | |a Trung tâm Học liệu Trường Đại học Cần Thơ | ||